000 00332nam a2200133Ia 4500
008 240624s9999 xx 000 0 und d
041 _aeng
082 _a577.01 THO
100 _aTHOMAS JACOB
245 _aENVIRONMENTAL MANAGEMENT
260 _c2014
_aNew Delhi
_bPearson
300 _axix, : 450 : p. : cm. ; 24
365 _cRS
_b33
999 _c24543
_d24543